[Event "Lueneburg Open-A 2019"]
[Site "Lueneburg"]
[Date "2019.08.04"]
[Round "2.6"]
[White "Carlstedt, Jonathan"]
[Black "Koenig, Christian"]
[Result "1-0"]
[WhiteElo "2408"]
[BlackElo "2026"]
[Annotator "NA"]
[PlyCount "71"]
[EventDate "2019.08.03"]
[EventType "swiss"]
[EventCountry "GER"]
[SourceTitle "playchess.com"]
[Source "ChessBase"]
[SourceQuality "1"]
[TimeControl "40/5400+30:1800+30"]

1. g3 {[%emt 0:00:19]} g6 {[%emt 0:00:00]} 2. Bg2 {[%emt 0:00:08]} Bg7 {[%emt 0:00:05]} 3. c4 {[%emt 0:00:04]} c5 {[%emt 0:01:14]} 4. Nc3 {[%emt 0:02:34]} Nc6 {[%emt 0:00:21]} 5. Nf3 {[%emt 0:00:20]} d6 {[%emt 0:02:29]} 6. a3 {[%emt 0:04:11]} a5 {[%emt 0:13:37]} 7. d3 {[%emt 0:05:05]} e5 {[%emt 0:04:38]} 8. h4 {[%emt 0:02:27]} Nf6 {[%emt 0:04:58]} 9. Nd5 {[%emt 0:10:28]} Nxd5 {[%emt 0:02:17]} 10. cxd5 {[%emt 0:00:05]} Ne7 {[%emt 0:00:41]} 11. e4 {[%emt 0:00:13]} a4 {[%emt 0:01:39]} 12. h5 {[%emt 0:00:31]} Bg4 {[%emt 0:01:44]} 13. h6 {[%emt 0:04:05]} Bf6 {[%emt 0:00:48]} 14. Bh3 {[%emt 0:02:27]} Bxh3 {[%emt 0:04:40]} 15. Rxh3 {[%emt 0:00:05]} Qd7 {[%emt 0:01:08]} 16. Rh1 {[%emt 0:00:27]} Nc8 {[%emt 0:02:27]} 17. Nh2 {[%emt 0:07:50]} O-O {[%emt 0:04:39]} 18. Ng4 {[%emt 0:02:27]} Bd8 {[%emt 0:00:34]} 19. Ne3 {[%emt 0:01:13]} f5 {[%emt 0:09:33]} 20. exf5 gxf5 {[%emt 0:00:07]} 21. Rh5 {[%emt 0:01:35]} Kh8 {[%emt 0:08:01]} 22. Bd2 {[%emt 0:00:51]} Ne7 {[%emt 0:04:32]} 23. Qe2 {[%emt 0:05:14]} b5 {[%emt 0:06:09]} 24. f4 {[%emt 0:03:12]} Ng6 {[%emt 0:02:56]} 25. fxe5 {[%emt 0:04:24]} dxe5 {[%emt 0:00:08]} 26. Bc3 {[%emt 0:00:10]} Ba5 {[%emt 0:00:59]} 27. Bxa5 {[%emt 0:08:23]} Rxa5 {[%emt 0:00:07]} 28. O-O-O {[%emt 0:00:11]} f4 {[%emt 0:04:00]} 29. Ng4 {[%emt 0:02:54]} Qxd5 {[%emt 0:06:38]} 30. Nxe5 {[%emt 0:02:09]} Nxe5 {[%emt 0:00:41]} 31. Rxe5 {[%emt 0:00:27]} Qd4 {[%emt 0:05:01]} 32. Rf1 {[%emt 0:05:23]} Raa8 {[%emt 0:00:34]} 33. Re4 {[%emt 0:01:10]} Qd6 {[%emt 0:00:19]} 34. Re6 {[%emt 0:06:19]} Qd4 {[%emt 0:00:06]} 35. gxf4 {[%emt 0:00:06]} c4 {[%emt 0:03:22]} 36. Qe4 {[%emt 0:01:25]} 1-0

[Event "Lueneburg Open-A 2019"]
[Site "Lueneburg"]
[Date "2019.08.04"]
[Round "2.7"]
[White "Ertan, Can"]
[Black "Wobbe, Sven"]
[Result "1-0"]
[WhiteElo "2396"]
[BlackElo "2019"]
[Annotator "NA"]
[PlyCount "47"]
[EventDate "2019.08.03"]
[EventType "swiss"]
[EventCountry "GER"]
[SourceTitle "playchess.com"]
[Source "ChessBase"]
[SourceQuality "1"]
[TimeControl "40/5400+30:1800+30"]

1. e4 {[%emt 0:00:00]} c5 {[%emt 0:00:00]} 2. Nf3 {[%emt 0:00:00]} e6 {[%emt 0:00:00]} 3. d4 {[%emt 0:00:00]} cxd4 {[%emt 0:00:00]} 4. Nxd4 {[%emt 0:00:00]} a6 {[%emt 0:00:00]} 5. Bd3 {[%emt 0:00:00]} Nf6 {[%emt 0:00:15]} 6. O-O {[%emt 0:00:08]} d6 {[%emt 0:00:50]} 7. Kh1 {[%emt 0:03:05]} Nc6 {[%emt 0:04:09]} 8. Be3 {[%emt 0:00:27]} Be7 {[%emt 0:04:01]} 9. f4 {[%emt 0:01:34]} Qc7 {[%emt 0:01:32]} 10. Nc3 {[%emt 0:11:09]} Nxd4 {[%emt 0:00:52]} 11. Bxd4 {[%emt 0:00:17]} e5 {[%emt 0:00:09]} 12. fxe5 {[%emt 0:08:19]} dxe5 {[%emt 0:00:11]} 13. Rxf6 {[%emt 0:00:06]} Bxf6 {[%emt 0:09:47]} 14. Nd5 {[%emt 0:00:04]} Qd6 {[%emt 0:05:23]} 15. Bc3 {[%emt 0:02:08]} Qc6 {[%emt 0:24:33]} 16. Qf3 {[%emt 0:01:32]} h5 {[%emt 0:08:17]} 17. Rf1 {[%emt 0:01:58]} Bg4 {[%emt 0:10:53]} 18. Qg3 {[%emt 0:05:24]} Rd8 {[%emt 0:14:17]} 19. Bxe5 {[%emt 0:02:32]} Rh6 {[%emt 0:05:38]} 20. h3 {[%emt 0:05:01]} Bc8 {[%emt 0:02:42]} 21. Bxf6 {[%emt 0:00:41]} Rxf6 {[%emt 0:02:53]} 22. Rxf6 {[%emt 0:00:04]} gxf6 {[%emt 0:01:27]} 23. Qg8+ {[%emt 0:00:07]} Kd7 {[%emt 0:00:14]} 24. Qxf7+ {[%emt 0:00:04]} 1-0

[Event "Lueneburg Open-A 2019"]
[Site "Lueneburg"]
[Date "2019.08.04"]
[Round "2.8"]
[White "Deutschbein, Christopher"]
[Black "Sriram, Jha"]
[Result "0-1"]
[WhiteElo "2015"]
[BlackElo "2381"]
[Annotator "NA"]
[PlyCount "84"]
[EventDate "2019.08.03"]
[EventType "swiss"]
[EventCountry "GER"]
[SourceTitle "playchess.com"]
[Source "ChessBase"]
[SourceQuality "1"]
[TimeControl "40/5400+30:1800+30"]

1. e4 {[%emt 0:00:00]} e5 {[%emt 0:02:16]} 2. Nf3 {[%emt 0:00:00]} Nc6 {[%emt 0:01:03]} 3. Bc4 {[%emt 0:00:00]} Nf6 {[%emt 0:00:38]} 4. d3 {[%emt 0:00:07]} Be7 {[%emt 0:01:30]} 5. O-O {[%emt 0:00:31]} O-O {[%emt 0:00:06]} 6. Re1 {[%emt 0:00:24]} d6 {[%emt 0:00:06]} 7. a4 {[%emt 0:02:32]} Be6 {[%emt 0:04:39]} 8. Nbd2 {[%emt 0:00:24]} Qd7 {[%emt 0:01:01]} 9. c3 {[%emt 0:00:59]} Rfe8 {[%emt 0:00:32]} 10. Bxe6 {[%emt 0:06:06]} fxe6 {[%emt 0:00:31]} 11. Nc4 {[%emt 0:02:27]} Bf8 {[%emt 0:02:14]} 12. Bg5 {[%emt 0:01:52]} Qf7 {[%emt 0:00:49]} 13. d4 {[%emt 0:04:23]} exd4 {[%emt 0:01:46]} 14. cxd4 {[%emt 0:10:14]} e5 {[%emt 0:19:31]} 15. d5 {[%emt 0:00:41]} Nd8 {[%emt 0:08:22]} 16. Ra3 {[%emt 0:20:50]} Be7 {[%emt 0:09:37]} 17. Bh4 {[%emt 0:08:58]} Qg6 {[%emt 0:07:52]} 18. Bxf6 {[%emt 0:06:22]} Bxf6 {[%emt 0:00:22]} 19. Qc2 {[%emt 0:01:26]} Nf7 {[%emt 0:10:50]} 20. h3 {[%emt 0:05:07]} Rac8 {[%emt 0:02:50]} 21. Nh2 {[%emt 0:02:38]} Bg5 {[%emt 0:03:11]} 22. Ne3 {[%emt 0:03:09]} c5 {[%emt 0:02:12]} 23. Nf5 {[%emt 0:00:29]} Qf6 {[%emt 0:01:29]} 24. Rf3 {[%emt 0:05:24]} Qd8 {[%emt 0:00:08]} 25. Ng4 {[%emt 0:02:11]} g6 {[%emt 0:01:44]} 26. Nfe3 {[%emt 0:00:07]} h5 {[%emt 0:00:40]} 27. Nh2 {[%emt 0:00:31]} Bf4 {[%emt 0:02:57]} 28. Nef1 {[%emt 0:04:09]} Rf8 {[%emt 0:00:40]} 29. g3 {[%emt 0:01:48]} Bh6 {[%emt 0:01:42]} 30. h4 {[%emt 0:00:21]} Qd7 {[%emt 0:01:20]} 31. Ne3 {[%emt 0:01:55]} Nh8 {[%emt 0:02:50]} 32. Nc4 {[%emt 0:01:08]} Rxf3 {[%emt 0:00:27]} 33. Nxf3 {[%emt 0:00:03]} Rf8 {[%emt 0:00:15]} 34. Kg2 {[%emt 0:00:26]} Nf7 {[%emt 0:00:39]} 35. Rd1 {[%emt 0:01:57]} Rb8 {[%emt 0:01:32]} 36. Rd3 {[%emt 0:01:37]} b6 {[%emt 0:00:08]} 37. Na3 {[%emt 0:02:07]} a6 {[%emt 0:00:36]} 38. Nb1 {[%emt 0:01:50]} b5 {[%emt 0:00:20]} 39. axb5 {[%emt 0:01:58]} Qxb5 {[%emt 0:01:37]} 40. Na3 {[%emt 0:02:17]} Qxb2 {[%emt 0:00:21]} 41. Qa4 {[%emt 0:02:00]} Qe2 {[%emt 0:10:32]} 42. Qxa6 {[%emt 0:04:07]} Rb2 {[%emt 0:00:31]} 0-1

[Event "Lueneburg Open-A 2019"]
[Site "Lueneburg"]
[Date "2019.08.04"]
[Round "2.9"]
[White "Colpe, Malte"]
[Black "Kiesel, Lucas"]
[Result "1-0"]
[WhiteElo "2367"]
[BlackElo "1966"]
[Annotator "NA"]
[PlyCount "95"]
[EventDate "2019.08.03"]
[EventType "swiss"]
[EventCountry "GER"]
[SourceTitle "playchess.com"]
[Source "ChessBase"]
[SourceQuality "1"]
[TimeControl "40/5400+30:1800+30"]

1. d4 {[%emt 0:00:00]} e6 {[%emt 0:00:00]} 2. c4 {[%emt 0:00:00]} f5 {[%emt 0:00:00]} 3. g3 {[%emt 0:02:06]} Nf6 {[%emt 0:00:00]} 4. Bg2 {[%emt 0:00:10]} d5 {[%emt 0:00:36]} 5. Nf3 {[%emt 0:01:05]} c6 {[%emt 0:00:15]} 6. O-O {[%emt 0:00:12]} Bd6 {[%emt 0:00:59]} 7. Nc3 {[%emt 0:00:29]} O-O {[%emt 0:01:54]} 8. Qc2 {[%emt 0:00:16]} Ne4 {[%emt 0:01:00]} 9. Rb1 {[%emt 0:00:28]} Nd7 {[%emt 0:12:38]} 10. b4 {[%emt 0:02:01]} Ndf6 {[%emt 0:03:17]} 11. c5 {[%emt 0:12:44]} Bc7 {[%emt 0:03:24]} 12. b5 {[%emt 0:03:38]} Bd7 {[%emt 0:05:35]} 13. bxc6 {[%emt 0:04:22]} Bxc6 {[%emt 0:06:08]} 14. Nd1 {[%emt 0:11:47]} Qe7 {[%emt 0:04:43]} 15. Nb2 {[%emt 0:02:13]} Nd7 {[%emt 0:05:42]} 16. Nd3 {[%emt 0:01:55]} a5 {[%emt 0:01:41]} 17. Bf4 {[%emt 0:05:32]} Bxf4 {[%emt 0:06:57]} 18. gxf4 {[%emt 0:06:31]} g5 {[%emt 0:04:31]} 19. Qc1 {[%emt 0:05:25]} g4 {[%emt 0:10:39]} 20. Nfe5 {[%emt 0:00:09]} Nxe5 {[%emt 0:00:08]} 21. Nxe5 {[%emt 0:02:15]} Qh4 {[%emt 0:01:25]} 22. Qe3 {[%emt 0:05:43]} Qe7 {[%emt 0:14:12]} 23. Rb6 {[%emt 0:02:46]} Qc7 {[%emt 0:02:15]} 24. f3 {[%emt 0:08:47]} gxf3 {[%emt 0:05:06]} 25. Bxf3 {[%emt 0:00:37]} Kh8 {[%emt 0:01:42]} 26. Kh1 {[%emt 0:03:46]} Rg8 {[%emt 0:00:56]} 27. Bxe4 {[%emt 0:01:02]} fxe4 {[%emt 0:01:01]} 28. Qh3 {[%emt 0:01:08]} Qg7 {[%emt 0:02:28]} 29. Rb3 {[%emt 0:07:27]} Raf8 {[%emt 0:02:08]} 30. Rg3 {[%emt 0:01:36]} Qf6 {[%emt 0:00:21]} 31. Rfg1 {[%emt 0:02:19]} Rxg3 {[%emt 0:00:19]} 32. Rxg3 {[%emt 0:01:11]} Rg8 {[%emt 0:00:45]} 33. Qh4 {[%emt 0:02:02]} Qf8 {[%emt 0:02:23]} 34. Ng6+ {[%emt 0:00:55]} Rxg6 {[%emt 0:00:12]} 35. Rxg6 {[%emt 0:00:05]} e5 {[%emt 0:00:44]} 36. fxe5 {[%emt 0:00:58]} Be8 {[%emt 0:00:30]} 37. Qf6+ {[%emt 0:00:12]} Qxf6 {[%emt 0:00:05]} 38. Rxf6 {[%emt 0:00:04]} Kg7 {[%emt 0:00:38]} 39. Kg2 {[%emt 0:00:16]} Bc6 {[%emt 0:00:43]} 40. Kg3 {[%emt 0:00:14]} a4 {[%emt 0:00:04]} 41. a3 {[%emt 0:30:04]} Be8 {[%emt 0:31:03]} 42. Kf4 {[%emt 0:00:19]} Bc6 {[%emt 0:00:26]} 43. h4 {[%emt 0:00:20]} Be8 {[%emt 0:00:06]} 44. Kg5 {[%emt 0:00:36]} Bc6 {[%emt 0:00:46]} 45. h5 {[%emt 0:00:11]} Be8 {[%emt 0:00:58]} 46. h6+ {[%emt 0:00:07]} Kg8 {[%emt 0:00:06]} 47. e6 {[%emt 0:00:08]} Bg6 {[%emt 0:00:29]} 48. Rxg6+ {[%emt 0:00:15]} 1-0

[Event "Lueneburg Open-A 2019"]
[Site "Lueneburg"]
[Date "2019.08.04"]
[Round "2.10"]
[White "Reuker, Matthias"]
[Black "Voigt, Martin"]
[Result "0-1"]
[WhiteElo "2012"]
[BlackElo "2344"]
[Annotator "TA"]
[PlyCount "104"]
[EventDate "2019.08.03"]
[EventType "swiss"]
[EventCountry "GER"]
[SourceTitle "playchess.com"]
[Source "ChessBase"]
[SourceQuality "1"]

{[%evp 15,108,50,50,46,52,37,36,29,53,18,62,25,47,34,39,0,56,20,99,90,97,96,95,94,79,0,0,-50,-41,-56,-44,-48,-66,-51,-41,-86,-81,-93,-49,-51,-51,-48,-47,-51,-18,-29,-16,-93,-86,-83,-87,-83,-90,-139,-124,-129,-127,-123,-138,-96,-126,-347,-332,-246,-219,-267,-272,-366,-327,-458,-448,-439,-420,-555,-557,-649,-569,-1231,-1311,-6123,-5752,-29976,-29977,-29977,-29978,-29978,-29970,-29979,-29980,-29980,-29981,-29981,-29982,-29982,-29983]} 1. e4 e6 2. d4 d5 3. Nd2 Nf6 4. e5 Nfd7 5. Bd3 c5 6. c3 Nc6 7. Ne2 a5 8. O-O a4 9. a3 {C06: French Tarrasch: 3...Nf6 4 e5 Nfd7 5 Bd3 main lines} Nb6 (9... cxd4 10. cxd4 Nb6 11. Nf3 Be7 12. Be3 Bd7 13. Nd2 Na5 14. Nf4 g6 15. Rc1 Bc6 16. Qe2 Qd7 {1-0 (52) Svane,R (2594)-Krishna,C (2469) Caleta 2019}) 10. f4 cxd4 11. cxd4 {White is slightly better.} Be7 12. Nf3 Bd7 13. Bd2 Nc4 14. Bxc4 $1 dxc4 15. Qc2 $146 ({Predecessor:} 15. Nc3 b5 16. Be3 b4 17. axb4 Nxb4 {½-½ (29) Mikoska,J (2233)-Mezera,L (2369) ICCF email 2014}) 15... Rc8 (15... b5 $11) 16. Nc3 Na5 (16... O-O $11) 17. d5 Bc5+ 18. Kh1 exd5 19. Nxd5 Bc6 {aiming for ...Nb3.} 20. Bxa5 (20. Nb4 $1 $16) 20... Qxd5 $11 21. Ng5 {And now Rfd1 would win.} h6 $36 {[%mdl 2048] Black has good play.} 22. Rad1 {[#]} Qxg2+ $1 {[%mdl 512]} 23. Qxg2 Bxg2+ 24. Kxg2 {Black must now prevent Ne4.} hxg5 25. fxg5 Rh5 $1 26. Bd2 Be7 27. Kg3 c3 $1 {[%cal Rc3d2]} 28. bxc3 Rc4 29. g6 fxg6 30. Rf4 $1 {[%cal Rf4c4]} Rg5+ 31. Kf3 (31. Kh3 $1 $11 {remains equal.} Rc5 32. Rxa4 Rgxe5 33. Re1) 31... Rf5 $17 32. Rxf5 gxf5 {[%mdl 4096] Endgame KRB-KRB} 33. Rb1 {[#]} Rc7 $1 34. Kf4 g6 ({Don't take} 34... Bxa3 35. Kxf5 Bf8 36. Ke4 $15) 35. e6 Bxa3 36. Kg5 {[#]} Bd6 $1 37. Kxg6 f4 ({Reject} 37... Bxh2 $6 38. Bg5 $11) 38. Rf1 $2 (38. Kf5 $17 {was called for.}) 38... Rc4 $19 39. Kf5 Ke7 40. Rb1 Rc5+ 41. Ke4 b5 (41... Kxe6 $2 42. Rxb7 a3 43. Ra7 $19) 42. Rg1 (42. h4 $142) 42... Kxe6 43. Rg6+ Kd7 44. Rg7+ Kc6 45. Ra7 Rc4+ 46. Kf3 a3 {[%cal Ba4a3,Ba3a2][%mdl 32]} 47. h4 Ra4 48. Rxa4 bxa4 {KB-KB. Black mates.} 49. Bc1 Kd5 50. h5 Kc4 51. h6 a2 52. Bb2 Kb3 {Played: Bd6-e5} 0-1

[Event "Lueneburg Open-A 2019"]
[Site "Lueneburg"]
[Date "2019.08.04"]
[Round "2.11"]
[White "Jahncke, Giso"]
[Black "Koellner, Aaron Noah"]
[Result "1-0"]
[WhiteElo "2325"]
[BlackElo "2044"]
[Annotator "NA"]
[PlyCount "85"]
[EventDate "2019.08.03"]
[EventType "swiss"]
[EventCountry "GER"]
[SourceTitle "playchess.com"]
[Source "ChessBase"]
[SourceQuality "1"]
[TimeControl "40/5400+30:1800+30"]

1. d4 {[%emt 0:00:00]} d5 {[%emt 0:00:00]} 2. Nf3 {[%emt 0:00:00]} Nf6 {[%emt 0:00:00]} 3. c4 {[%emt 0:00:00]} c6 {[%emt 0:00:00]} 4. Nc3 {[%emt 0:00:00]} dxc4 {[%emt 0:00:00]} 5. a4 {[%emt 0:00:00]} Bf5 {[%emt 0:00:14]} 6. e3 {[%emt 0:00:08]} e6 {[%emt 0:00:07]} 7. Bxc4 {[%emt 0:00:06]} Bb4 {[%emt 0:00:25]} 8. O-O {[%emt 0:00:08]} O-O {[%emt 0:00:57]} 9. Qe2 {[%emt 0:00:07]} Nbd7 {[%emt 0:00:40]} 10. e4 {[%emt 0:00:40]} Bg6 {[%emt 0:00:05]} 11. Bd3 {[%emt 0:00:20]} Re8 {[%emt 0:03:00]} 12. Rd1 {[%emt 0:00:24]} Bh5 {[%emt 0:02:03]} 13. e5 {[%emt 0:01:39]} Nd5 {[%emt 0:00:07]} 14. Nxd5 {[%emt 0:00:37]} cxd5 {[%emt 0:01:23]} 15. Qe3 {[%emt 0:00:57]} Bg6 {[%emt 0:00:18]} 16. Bxg6 {[%emt 0:00:29]} hxg6 {[%emt 0:00:04]} 17. Ng5 {[%emt 0:01:21]} Be7 {[%emt 0:03:04]} 18. Qg3 {[%emt 0:12:13]} Rc8 {[%emt 0:03:04]} 19. Qh4 {[%emt 0:00:26]} Nf8 {[%emt 0:00:39]} 20. Bf4 {[%emt 0:15:13]} f6 {[%emt 0:03:13]} 21. exf6 {[%emt 0:04:05]} gxf6 {[%emt 0:00:09]} 22. Nh3 {[%emt 0:00:42]} g5 {[%emt 0:04:27]} 23. Qh6 {[%emt 0:03:22]} Nh7 {[%emt 0:32:35]} 24. Bd2 {[%emt 0:19:06]} Bf8 {[%emt 0:01:40]} 25. Qg6+ {[%emt 0:01:21]} Bg7 {[%emt 0:01:01]} 26. f4 {[%emt 0:00:34]} gxf4 {[%emt 0:00:54]} 27. Nxf4 {[%emt 0:01:28]} Qd7 {[%emt 0:01:44]} 28. Nh5 {[%emt 0:16:09]} Qf7 {[%emt 0:00:12]} 29. Qg4 {[%emt 0:00:44]} Kh8 {[%emt 0:00:07]} 30. Qh4 {[%emt 0:01:39]} Rc2 {[%emt 0:03:43]} 31. Ra3 {[%emt 0:01:58]} Bf8 {[%emt 0:03:32]} 32. Rh3 {[%emt 0:01:53]} Be7 {[%emt 0:00:40]} 33. Bh6 {[%emt 0:08:05]} Rg8 {[%emt 0:00:40]} 34. Rg3 {[%emt 0:00:10]} Bf8 {[%emt 0:01:20]} 35. Bxf8 {[%emt 0:03:07]} Qxf8 {[%emt 0:00:15]} 36. Nf4 {[%emt 0:01:40]} Rxg3 {[%emt 0:03:51]} 37. hxg3 {[%emt 0:00:21]} Qf7 {[%emt 0:03:06]} 38. Re1 {[%emt 0:01:29]} Rxb2 {[%emt 0:02:21]} 39. Rxe6 {[%emt 0:00:31]} Kg8 {[%emt 0:02:11]} 40. Rd6 {[%emt 0:02:41]} Qe7 {[%emt 0:02:03]} 41. Qg4+ {[%emt 0:30:18]} Qg7 {[%emt 0:32:05]} 42. Rd8+ {[%emt 0:01:39]} Nf8 {[%emt 0:00:07]} 43. Rxf8+ {[%emt 0:00:10]} 1-0

[Event "Lueneburg Open-A 2019"]
[Site "Lueneburg"]
[Date "2019.08.04"]
[Round "2.12"]
[White "Prasse, Philipp"]
[Black "Stork, Oliver"]
[Result "0-1"]
[WhiteElo "2003"]
[BlackElo "2322"]
[Annotator "NA"]
[PlyCount "42"]
[EventDate "2019.08.03"]
[EventType "swiss"]
[EventCountry "GER"]
[SourceTitle "playchess.com"]
[Source "ChessBase"]
[SourceQuality "1"]
[TimeControl "40/5400+30:1800+30"]

1. e4 {[%emt 0:00:00]} e5 {[%emt 0:03:16]} 2. Nf3 {[%emt 0:00:14]} Nc6 {[%emt 0:00:06]} 3. Bb5 {[%emt 0:00:17]} Nge7 {[%emt 0:00:07]} 4. O-O {[%emt 0:01:26]} g6 {[%emt 0:00:15]} 5. c3 {[%emt 0:00:53]} a6 {[%emt 0:00:23]} 6. Ba4 {[%emt 0:01:19]} Bg7 {[%emt 0:00:22]} 7. d4 {[%emt 0:00:53]} b5 {[%emt 0:00:42]} 8. Bb3 {[%emt 0:04:28]} exd4 {[%emt 0:00:40]} 9. cxd4 {[%emt 0:00:33]} d6 {[%emt 0:02:36]} 10. h3 {[%emt 0:02:02]} O-O {[%emt 0:00:17]} 11. Nc3 {[%emt 0:02:00]} Na5 {[%emt 0:06:44]} 12. Bc2 {[%emt 0:00:59]} c5 {[%emt 0:00:31]} 13. Bg5 {[%emt 0:12:15]} h6 {[%emt 0:03:12]} 14. Bh4 {[%emt 0:01:23]} Qc7 {[%emt 0:05:41]} 15. dxc5 {[%emt 0:09:00]} dxc5 {[%emt 0:00:57]} 16. Bg3 {[%emt 0:00:57]} Qb6 {[%emt 0:08:19]} 17. Be5 {[%emt 0:06:52]} Rd8 {[%emt 0:06:18]} 18. Nd5 {[%emt 0:04:13]} Nxd5 {[%emt 0:04:04]} 19. exd5 {[%emt 0:00:11]} Bb7 {[%emt 0:03:57]} 20. Qe2 {[%emt 0:12:24]} Re8 {[%emt 0:02:40]} 21. Qe4 {[%emt 0:05:45]} Nc4 {[%emt 0:01:05]} 0-1

[Event "Lueneburg Open-A 2019"]
[Site "Lueneburg"]
[Date "2019.08.04"]
[Round "2.13"]
[White "Kolbus, Dietmar"]
[Black "Probst, Alexander"]
[Result "1-0"]
[WhiteElo "2281"]
[BlackElo "1969"]
[Annotator "NA"]
[PlyCount "71"]
[EventDate "2019.08.03"]
[EventType "swiss"]
[EventCountry "GER"]
[SourceTitle "playchess.com"]
[Source "ChessBase"]
[SourceQuality "1"]
[TimeControl "40/5400+30:1800+30"]

1. c4 {[%emt 1:30:30]} Nf6 {[%emt 1:30:30]} 2. g3 {[%emt 0:00:00]} e6 {[%emt 0:00:00]} 3. Bg2 {[%emt 0:00:00]} d5 {[%emt 0:00:00]} 4. b3 {[%emt 0:00:00]} Be7 {[%emt 0:00:00]} 5. Bb2 {[%emt 0:00:00]} O-O {[%emt 0:00:00]} 6. Nf3 {[%emt 0:00:00]} Nbd7 {[%emt 0:00:00]} 7. O-O {[%emt 0:00:00]} b6 {[%emt 0:00:00]} 8. cxd5 {[%emt 0:00:00]} exd5 {[%emt 0:00:00]} 9. Nd4 {[%emt 0:00:00]} c5 {[%emt 0:00:00]} 10. Nc6 {[%emt 0:00:00]} Qe8 {[%emt 0:00:00]} 11. Nxe7+ {[%emt 0:00:00]} Qxe7 {[%emt 0:00:00]} 12. d4 {[%emt 0:00:00]} Bb7 {[%emt 0:00:00]} 13. Nc3 {[%emt 0:00:00]} Rfe8 {[%emt 0:00:00]} 14. Re1 {[%emt 0:00:00]} Ne4 {[%emt 0:00:00]} 15. dxc5 {[%emt 0:00:00]} Ndxc5 {[%emt 0:00:00]} 16. Nxd5 {[%emt 0:00:00]} Bxd5 {[%emt 0:00:00]} 17. Qxd5 {[%emt 0:00:00]} Rad8 {[%emt 0:00:00]} 18. Qc4 {[%emt 0:00:00]} Rd2 {[%emt 0:00:00]} 19. Bd4 {[%emt 0:00:00]} Nd6 {[%emt 0:00:00]} 20. Bxc5 {[%emt 0:00:00]} bxc5 {[%emt 0:00:00]} 21. Qxc5 {[%emt 0:00:00]} Rc8 {[%emt 0:00:00]} 22. Qa3 {[%emt 0:00:00]} Rcc2 {[%emt 0:00:00]} 23. Bf3 {[%emt 0:00:00]} Qc7 {[%emt 0:00:00]} 24. Qa4 {[%emt 0:00:00]} h6 {[%emt 0:00:00]} 25. Red1 {[%emt 0:00:00]} Rxa2 {[%emt 0:00:00]} 26. Qxa2 {[%emt 0:00:00]} Rxa2 {[%emt 0:00:00]} 27. Rxa2 {[%emt 0:00:00]} Nb5 {[%emt 0:00:00]} 28. Rad2 {[%emt 0:00:00]} g6 {[%emt 0:00:00]} 29. Rd7 {[%emt 0:00:00]} Qc2 {[%emt 0:00:00]} 30. R1d3 {[%emt 0:00:00]} Nc3 {[%emt 0:00:00]} 31. Kg2 {[%emt 0:00:00]} Nxe2 {[%emt 0:00:00]} 32. Rd2 {[%emt 0:00:00]} Nf4+ {[%emt 0:00:00]} 33. gxf4 {[%emt 0:00:00]} Qxb3 {[%emt 0:00:00]} 34. Rxf7 {[%emt 0:00:00]} Qb4 {[%emt 0:00:00]} 35. Rdd7 {[%emt 0:00:00]} a5 {[%emt 0:00:00]} 36. Bd5 {[%emt 0:00:00]} 1-0

[Event "Lueneburg Open-A 2019"]
[Site "Lueneburg"]
[Date "2019.08.04"]
[Round "2.14"]
[White "Bosselmann, Tom Linus"]
[Black "Buchenau, Frank"]
[Result "0-1"]
[WhiteElo "2000"]
[BlackElo "2294"]
[Annotator "NA"]
[PlyCount "92"]
[EventDate "2019.08.03"]
[EventType "swiss"]
[EventCountry "GER"]
[SourceTitle "playchess.com"]
[Source "ChessBase"]
[SourceQuality "1"]
[TimeControl "40/5400+30:1800+30"]

1. e4 {[%emt 0:00:00]} e6 {[%emt 0:06:16]} 2. Nf3 {[%emt 0:01:37]} d5 {[%emt 0:01:14]} 3. e5 {[%emt 0:00:27]} c5 {[%emt 0:00:10]} 4. b4 {[%emt 0:00:34]} cxb4 {[%emt 0:00:10]} 5. a3 {[%emt 0:00:44]} Nc6 {[%emt 0:00:09]} 6. axb4 {[%emt 0:00:23]} Bxb4 {[%emt 0:00:11]} 7. c3 {[%emt 0:00:12]} Ba5 {[%emt 0:00:14]} 8. d4 {[%emt 0:01:21]} Nge7 {[%emt 0:01:21]} 9. Bd3 {[%emt 0:00:28]} Bd7 {[%emt 0:00:59]} 10. O-O {[%emt 0:01:21]} b5 {[%emt 0:04:31]} 11. Bd2 {[%emt 0:12:27]} b4 {[%emt 0:04:42]} 12. Re1 {[%emt 0:08:45]} h6 {[%emt 0:01:50]} 13. h3 {[%emt 0:03:39]} O-O {[%emt 0:04:20]} 14. g4 {[%emt 0:14:45]} Ng6 {[%emt 0:08:32]} 15. cxb4 {[%emt 0:19:51]} Bxb4 {[%emt 0:08:28]} 16. g5 {[%emt 0:07:02]} Bxd2 {[%emt 0:07:00]} 17. Nbxd2 {[%emt 0:00:42]} Nf4 {[%emt 0:01:26]} 18. Bf1 {[%emt 0:01:21]} hxg5 {[%emt 0:00:21]} 19. Nb3 {[%emt 0:00:39]} Qe7 {[%emt 0:03:09]} 20. Nc5 {[%emt 0:00:50]} f6 {[%emt 0:12:56]} 21. exf6 {[%emt 0:02:09]} gxf6 {[%emt 0:00:11]} 22. Qd2 {[%emt 0:00:46]} Rab8 {[%emt 0:03:50]} 23. h4 {[%emt 0:01:27]} Rb4 {[%emt 0:03:53]} 24. Rxa7 {[%emt 0:04:45]} Nxd4 {[%emt 0:09:12]} 25. Nxd4 {[%emt 0:02:05]} Qxc5 {[%emt 0:00:46]} 26. Rxd7 {[%emt 0:00:57]} Rxd4 {[%emt 0:02:55]} 27. Qe3 {[%emt 0:00:12]} Qc6 {[%emt 0:03:40]} 28. Re7 {[%emt 0:01:08]} Qd6 {[%emt 0:02:28]} 29. Rb7 {[%emt 0:01:39]} Rb4 {[%emt 0:02:37]} 30. Rxb4 {[%emt 0:02:07]} Qxb4 {[%emt 0:00:02]} 31. hxg5 {[%emt 0:00:26]} fxg5 {[%emt 0:00:34]} 32. Rc1 {[%emt 0:00:44]} Qe7 {[%emt 0:02:13]} 33. Qb6 {[%emt 0:01:01]} Qf6 {[%emt 0:00:56]} 34. Rc7 {[%emt 0:00:55]} d4 {[%emt 0:00:44]} 35. Qb2 {[%emt 0:01:22]} Rf7 {[%emt 0:01:40]} 36. Rxf7 {[%emt 0:06:19]} Kxf7 {[%emt 0:00:18]} 37. Qb7+ {[%emt 0:00:07]} Kg6 {[%emt 0:01:45]} 38. Qe4+ {[%emt 0:00:06]} Qf5 {[%emt 0:00:51]} 39. Qa8 {[%emt 0:02:56]} Qd5 {[%emt 0:01:33]} 40. Qg8+ {[%emt 0:00:45]} Kf5 {[%emt 0:00:25]} 41. Qh7+ {[%emt 0:30:43]} Kg4 {[%emt 0:31:02]} 42. Qc2 {[%emt 0:00:00]} d3 {[%emt 0:00:00]} 43. Qd2 {[%emt 0:00:00]} Qf3 {[%emt 0:00:00]} 44. Qb2 {[%emt 0:00:00]} Qd1 {[%emt 0:00:00]} 45. Qb7 {[%emt 0:00:00]} d2 {[%emt 0:00:00]} 46. Qh1 {[%emt 0:00:00]} Qxf1+ {[%emt 0:03:26]} 0-1